Lego Star Wars Character Quiz (Complete Saga-TCW-TFA) - Statistics

General Stats
  • This quiz has been taken 68 times
  • The average score is 38 of 381
Answer Stats
Character Original Game Debut % Correct
Darth Vader Lego Star Wars: The Video Game
84%
Rey Lego Star Wars: The Force Awakens
77%
Finn Lego Star Wars: The Force Awakens
75%
Luke Skywalker Lego Star Wars II: The Original Trilogy
73%
Princess Leia Lego Star Wars: The Video Game
64%
Yoda Lego Star Wars II: The Original Trilogy | Lego Star Wars: The Video Game
64%
Han Solo Lego Star Wars II: The Original Trilogy
61%
C-3PO Lego Star Wars: The Video Game
59%
Kylo Ren Lego Star Wars: The Force Awakens
55%
Lando Calrissian Lego Star Wars II: The Original Trilogy
55%
Mace Windu Lego Star Wars: The Video Game
55%
Qui-Gon Jinn Lego Star Wars: The Video Game
55%
R2 Lego Star Wars II: The Original Trilogy (GBA Only)
55%
Boba Fett Lego Star Wars II: The Original Trilogy
52%
Darth Maul Lego Star Wars: The Video Game
50%
Jango Fett Lego Star Wars: The Video Game
50%
Chewbacca Lego Star Wars: The Video Game
48%
Padmé Amidala Lego Star Wars: The Force Awakens
45%
Poe Dameron Lego Star Wars: The Force Awakens
45%
Stormtrooper Lego Star Wars II: The Original Trilogy | Lego Star Wars: The Video Game
45%
Count Dooku Lego Star Wars: The Video Game
43%
General Grievous Lego Star Wars: The Video Game
43%
Ki-Adi-Mundi Lego Star Wars: The Video Game
41%
BB-8 Lego Star Wars: The Force Awakens
39%
Commander Cody Lego Star Wars III: The Clone Wars | Lego Star Wars: The Video Game
39%
The Emperor Lego Star Wars II: The Original Trilogy
39%
Admiral Ackbar Lego Star Wars II: The Original Trilogy
36%
Battle Droid Lego Star Wars: The Video Game
36%
Ben Kenobi Lego Star Wars II: The Original Trilogy
36%
Clone Lego Star Wars: The Video Game
36%
Jabba the Hutt Lego Star Wars: The Force Awakens (DLC)
36%
Jar Jar Binks Lego Star Wars: The Video Game
36%
Kit Fisto Lego Star Wars: The Video Game
36%
Ahsoka Tano Lego Star Wars III: The Clone Wars
34%
Anakin Skywalker Lego Star Wars: The Force Awakens
34%
Super Battle Droid Lego Star Wars: The Video Game
34%
Asajj Ventress Lego Star Wars III: The Clone Wars
32%
Captain Rex Lego Star Wars III: The Clone Wars
32%
Darth Sidious Lego Star Wars: The Video Game
32%
Aayla Secura Lego Star Wars III: The Clone Wars
30%
Bossk Lego Star Wars II: The Original Trilogy
30%
IG-88 Lego Star Wars II: The Original Trilogy
30%
TC-14 Lego Star Wars: The Video Game
30%
Dengar Lego Star Wars II: The Original Trilogy
27%
Snowtrooper Lego Star Wars II: The Original Trilogy
27%
Jawa Lego Star Wars II: The Original Trilogy
25%
Luminara Unduli Lego Star Wars: The Video Game
25%
Wicket Lego Star Wars II: The Original Trilogy
25%
4-LOM Lego Star Wars II: The Original Trilogy
23%
Captain Panaka Lego Star Wars: The Video Game
23%
Captain Phasma Lego Star Wars: The Force Awakens
23%
Greedo Lego Star Wars II: The Original Trilogy
23%
Lobot Lego Star Wars II: The Original Trilogy
23%
Chancellor Palpatine Lego Star Wars: The Video Game
20%
Droideka Lego Star Wars: The Video Game
20%
Gonk Droid Lego Star Wars II: The Original Trilogy | Lego Star Wars: The Video Game
20%
Maz Kanata Lego Star Wars: The Force Awakens
20%
R2-D2 Lego Star Wars: The Video Game
20%
Shaak Ti Lego Star Wars: The Video Game
20%
Watto Lego Star Wars: The Force Awakens (DLC)
20%
Barriss Offee Lego Star Wars III: The Clone Wars
18%
Captain Antilles Lego Star Wars II: The Original Trilogy
18%
General Hux Lego Star Wars: The Force Awakens
18%
Geonosian Lego Star Wars: The Video Game
18%
Grand Moff Tarkin Lego Star Wars II: The Original Trilogy
18%
R4-P17 Lego Star Wars II: The Original Trilogy (NDS Only) | Lego Star Wars: The Video Game
18%
Rebel Friend Lego Star Wars II: The Original Trilogy
18%
Bib Fortuna Lego Star Wars II: The Original Trilogy
16%
Cad Bane Lego Star Wars III: The Clone Wars
16%
Clone Trooper Lego Star Wars III: The Clone Wars
16%
Commander Bly Lego Star Wars III: The Clone Wars
16%
Ewok Lego Star Wars II: The Original Trilogy
16%
Grievous' Bodyguard Lego Star Wars: The Video Game
16%
Rebel Trooper Lego Star Wars: The Video Game
16%
Sandtrooper Lego Star Wars II: The Original Trilogy
16%
Savage Opress Lego Star Wars: The Force Awakens (DLC)
16%
Tusken Raider Lego Star Wars: The Video Game (GBA Only)
16%
Zam Wesell Lego Star Wars: The Force Awakens (DLC)
16%
Anakin Skywalker (Boy) Lego Star Wars: The Video Game
14%
Anakin Skywalker (Padawan) Lego Star Wars: The Video Game
14%
Aurra Sing Lego Star Wars III: The Clone Wars
14%
FN-2199 Lego Star Wars: The Force Awakens
14%
Han Solo (Hoth) Lego Star Wars II: The Original Trilogy
14%
Imperial Guard Lego Star Wars II: The Original Trilogy
14%
Imperial Officer Lego Star Wars II: The Original Trilogy
14%
R2-Q5 Lego Star Wars: The Force Awakens
14%
Scout Trooper Lego Star Wars II: The Original Trilogy
14%
Skiff Guard Lego Star Wars II: The Original Trilogy
14%
Yoda (Ghost) Lego Star Wars II: The Original Trilogy
14%
Adi Gallia Lego Star Wars III: The Clone Wars
11%
Anakin Skywalker (Ghost) Lego Star Wars II: The Original Trilogy
11%
Boba Fett (Boy) Lego Star Wars: The Video Game
11%
Ezra Bridger Lego Star Wars: The Force Awakens (DLC)
11%
Gamorrean Guard Lego Star Wars II: The Original Trilogy
11%
Han Solo (Endor) Lego Star Wars II: The Original Trilogy
11%
Lor San Tekka Lego Star Wars: The Force Awakens
11%
Luke Skywalker (Bespin) Lego Star Wars II: The Original Trilogy
11%
Luke Skywalker (Endor) Lego Star Wars II: The Original Trilogy
11%
Luke Skywalker (Hoth) Lego Star Wars II: The Original Trilogy
11%
Obi-Wan Kenobi (Padawan) Lego Star Wars: The Video Game
11%
PK Droid Lego Star Wars: The Video Game
11%
Royal Guard Lego Star Wars: The Video Game
11%
Sabine Wren Lego Star Wars: The Force Awakens (DLC)
11%
Anakin Skywalker (Clone Wars) Lego Star Wars III: The Clone Wars
9%
Bail Organa Lego Star Wars III: The Clone Wars
9%
Battle Droid Commander Lego Star Wars: The Video Game
9%
Ben Kenobi (Ghost) Lego Star Wars II: The Original Trilogy
9%
Bespin Guard Lego Star Wars II: The Original Trilogy
9%
Death Star Trooper Lego Star Wars II: The Original Trilogy
9%
First Order Stormtrooper Lego Star Wars: The Force Awakens
9%
Han Solo (Stormtrooper) Lego Star Wars II: The Original Trilogy
9%
K-3PO Lego Star Wars II: The Original Trilogy (GBA Only)
9%
Kanan Jarrus Lego Star Wars: The Force Awakens (DLC)
9%
Luke Skywalker (Pilot) Lego Star Wars II: The Original Trilogy
9%
Max Rebo Lego Star Wars: The Force Awakens (DLC)
9%
Obi-Wan Kenobi (Episode III) Lego Star Wars: The Force Awakens
9%
Princess Leia (Bespin) Lego Star Wars II: The Original Trilogy
9%
Princess Leia (Endor) Lego Star Wars II: The Original Trilogy
9%
Princess Leia (Hoth) Lego Star Wars II: The Original Trilogy
9%
Queen Amidala Lego Star Wars: The Force Awakens
9%
Rancor Lego Star Wars: The Force Awakens
9%
Saesee Tiin Lego Star Wars: The Force Awakens (DLC)
9%
TIE Fighter Pilot Lego Star Wars II: The Original Trilogy
9%
Ugnaught Lego Star Wars II: The Original Trilogy
9%
Wedge Antilles Lego Star Wars: The Force Awakens
9%
Wookiee Lego Star Wars: The Video Game
9%
A-Wing Pilot Lego Star Wars: The Force Awakens
7%
Boushh Lego Star Wars: The Force Awakens (DLC)
7%
Captain Typho Lego Star Wars III: The Clone Wars
7%
Chopper Lego Star Wars: The Force Awakens (DLC)
7%
Clone Pilot Lego Star Wars III: The Clone Wars
7%
First Order Flametrooper Lego Star Wars: The Force Awakens
7%
Han Solo (Hood) Lego Star Wars II: The Original Trilogy
7%
Han Solo (Skiff) Lego Star Wars II: The Original Trilogy
7%
Hondo Ohnaka Lego Star Wars: The Force Awakens (DLC)
7%
Imperial Spy Lego Star Wars II: The Original Trilogy
7%
Kylo Ren (Hooded) Lego Star Wars: The Force Awakens
7%
Logray Lego Star Wars: The Force Awakens
7%
Luke Skywalker (Dagobah) Lego Star Wars II: The Original Trilogy
7%
Luke Skywalker (Stormtrooper) Lego Star Wars II: The Original Trilogy
7%
Obi-Wan Kenobi (Jedi Master) Lego Star Wars: The Video Game
7%
Oola Lego Star Wars: The Force Awakens (DLC)
7%
Padmé Amidala (Clawed) Lego Star Wars: The Video Game
7%
Padmé Amidala (Geonosis) Lego Star Wars: The Video Game
7%
Palace Guard Lego Star Wars II: The Original Trilogy
7%
Princess Leia (Prisoner) Lego Star Wars II: The Original Trilogy
7%
Princess Leia (Slave) Lego Star Wars II: The Original Trilogy
7%
R5-D4 Lego Star Wars: The Force Awakens (DLC)
7%
Rey (Takodana) Lego Star Wars: The Force Awakens
7%
Unkar Plutt Lego Star Wars: The Force Awakens
7%
Wampa Lego Star Wars: The Force Awakens
7%
Zuckuss Lego Star Wars II: The Original Trilogy (NDS Only)
7%
Admiral Statura Lego Star Wars: The Force Awakens
5%
Anakin Skywalker (Damaged) Lego Star Wars: The Force Awakens (DLC)
5%
Anakin Skywalker (Jedi Knight) Lego Star Wars: The Video Game
5%
AT-ST Pilot Lego Star Wars: The Force Awakens
5%
Bala-Tik Lego Star Wars: The Force Awakens
5%
Beach Trooper Lego Star Wars II: The Original Trilogy
5%
Biggs Darklighter Lego Star Wars II: The Original Trilogy (NDS Only)
5%
Boil Lego Star Wars III: The Clone Wars
5%
Commander Stone Lego Star Wars III: The Clone Wars
5%
Darth Maul (Clone Wars) Lego Star Wars: The Force Awakens (DLC)
5%
Disguised Clone Lego Star Wars: The Video Game
5%
Ello Asty Lego Star Wars: The Force Awakens
5%
First Order Snowtrooper Lego Star Wars: The Force Awakens
5%
First Order Tie Pilot Lego Star Wars: The Force Awakens
5%
General Leia Lego Star Wars: The Force Awakens
5%
Kathleen Kennedy Lego Star Wars: The Force Awakens
5%
Princess Leia (Boushh) Lego Star Wars II: The Original Trilogy
5%
R2-KT Lego Star Wars: The Force Awakens
5%
R-3PO Lego Star Wars: The Force Awakens
5%
Rebel Pilot Lego Star Wars II: The Original Trilogy
5%
Teedo Lego Star Wars: The Force Awakens
5%
Unkar Goon Lego Star Wars: The Force Awakens
5%
Adan Mose Lego Star Wars: The Force Awakens
2%
Admiral Ackbar (Resistance) Lego Star Wars: The Force Awakens
2%
Admiral Yularen Lego Star Wars III: The Clone Wars
2%
Anakin Skywalker (Geonosian Arena) Lego Star Wars III: The Clone Wars
2%
Anakin Skywalker (Podracer) Lego Star Wars: The Force Awakens
2%
Baash Lego Star Wars: The Force Awakens (DLC)
2%
Baby Rancor Lego Star Wars II: The Original Trilogy (GBA Only)
2%
Bazine Netal Lego Star Wars: The Force Awakens
2%
Bith Lego Star Wars: The Force Awakens
2%
Blass Tyran Lego Star Wars: The Force Awakens
2%
Boba Fett (Prototype) Lego Star Wars: The Force Awakens (DLC)
2%
Bobbajo Lego Star Wars: The Force Awakens
2%
B-U4D Lego Star Wars: The Force Awakens
2%
C-3PO (Classic) Lego Star Wars: The Force Awakens
2%
Chewbacca (Twon Ketee) Lego Star Wars: The Force Awakens
2%
Chewbacca (Wounded) Lego Star Wars: The Force Awakens
2%
Clone (Episode III) Lego Star Wars: The Video Game
2%
Clone (Episode III, Swamp) Lego Star Wars: The Video Game
2%
Clone (Episode III, Walker) Lego Star Wars: The Video Game
2%
Commander Fil Lego Star Wars III: The Clone Wars
2%
Commander Ponds Lego Star Wars III: The Clone Wars
2%
Finn (FN-2187) Lego Star Wars: The Force Awakens
2%
Finn (Helmetless) Lego Star Wars: The Force Awakens
2%
Finn (Junction Box) Lego Star Wars: The Force Awakens
2%
Finn (Starkiller Base) Lego Star Wars: The Force Awakens
2%
Finn (Takodana) Lego Star Wars: The Force Awakens
2%
FN-2112 Lego Star Wars: The Force Awakens
2%
General Leia (Formal) Lego Star Wars: The Force Awakens
2%
Han Solo (Starkiller Base) Lego Star Wars: The Force Awakens
2%
Han Solo (Twon Ketee) Lego Star Wars: The Force Awakens
2%
Hera Syndulla Lego Star Wars: The Force Awakens (DLC)
2%
Hobin Carsamba Lego Star Wars: The Force Awakens
2%
Hoogenz Lego Star Wars: The Force Awakens
2%
HURID-327 Lego Star Wars: The Force Awakens
2%
Imperial Scout trooper Lego Star Wars: The Force Awakens
2%
Imperial Shuttle Pilot Lego Star Wars II: The Original Trilogy
2%
Imperial Snowtrooper Lego Star Wars: The Force Awakens
2%
Imperial Stormtrooper Lego Star Wars: The Force Awakens
2%
Infrablue Zedbeddy Coggins Lego Star Wars: The Force Awakens
2%
Jessika Pava Lego Star Wars: The Force Awakens
2%
J.J. Abrams Lego Star Wars: The Force Awakens
2%
Kaydel Ko Connix Lego Star Wars: The Force Awakens
2%
Kordi Freemaker Lego Star Wars: The Force Awakens (DLC)
2%
Korr Sella Lego Star Wars: The Force Awakens
2%
Kylo Ren (Unmasked) Lego Star Wars: The Force Awakens
2%
Lando Calrissian (Palace Guard) Lego Star Wars II: The Original Trilogy
2%
Luke Skywalker (Episode IV) Lego Star Wars: The Force Awakens
2%
Luke Skywalker (Episode VI) Lego Star Wars II: The Original Trilogy
2%
Malakili Lego Star Wars: The Force Awakens (DLC)
2%
Naare Lego Star Wars: The Force Awakens (DLC)
2%
Nien Numb Lego Star Wars: The Force Awakens
2%
Obi-Wan Kenobi (Clone Wars) Lego Star Wars III: The Clone Wars
2%
Obi-Wan Kenobi (Jedi Knight) Lego Star Wars: The Video Game
2%
Officer Sumistu Lego Star Wars: The Force Awakens
2%
Padme Amidala (Clone Wars) Lego Star Wars III: The Clone Wars
2%
Padmé Amidala (Geonosian Arena) Lego Star Wars III: The Clone Wars
2%
Padmé Amidala (Queen) Lego Star Wars: The Video Game
2%
Padmé Naberrie Lego Star Wars: The Force Awakens (DLC)
2%
Poe Dameron (Helmetless) Lego Star Wars: The Force Awakens
2%
Poe Dameron (Prisoner) Lego Star Wars: The Force Awakens
2%
Princess Leia (Classic) Lego Star Wars: The Force Awakens
2%
Quiggold Lego Star Wars: The Force Awakens
2%
R0-GR Lego Star Wars: The Force Awakens (DLC)
2%
R5-D8 Lego Star Wars: The Force Awakens
2%
Resistance General Lego Star Wars: The Force Awakens
2%
Resistance X-Wing Pilot Lego Star Wars: The Force Awakens
2%
Rey (Junction Box) Lego Star Wars: The Force Awakens
2%
Rey (Resistance) Lego Star Wars: The Force Awakens
2%
Rey (Scavenger) Lego Star Wars: The Force Awakens
2%
Rey (Starkiller Base) Lego Star Wars: The Force Awakens
2%
Rey (Young) Lego Star Wars: The Force Awakens
2%
Rowan Freemaker Lego Star Wars: The Force Awakens (DLC)
2%
Seventh Sister Lego Star Wars: The Force Awakens (DLC)
2%
Sidon Ithano Lego Star Wars: The Force Awakens
2%
Snap Wexley Lego Star Wars: The Force Awakens
2%
Taryish Juhden Lego Star Wars: The Force Awakens
2%
Thromba Lego Star Wars: The Force Awakens (DLC)
2%
Unkar Thug Lego Star Wars: The Force Awakens
2%
Varmik Lego Star Wars: The Force Awakens
2%
Wollivan Lego Star Wars: The Force Awakens
2%
Zander Freemaker Lego Star Wars: The Force Awakens (DLC)
2%
Zeb Orrelios Lego Star Wars: The Force Awakens (DLC)
2%
Zev Senesca Lego Star Wars: The Force Awakens
2%
Zylas Lego Star Wars: The Force Awakens
2%
2MED2 Lego Star Wars: The Force Awakens (DLC)
0%
Admiral Ackbar (Classic) Lego Star Wars: The Force Awakens
0%
Athgar Heece Lego Star Wars: The Force Awakens
0%
Blue Gungan Lego Star Wars: The Video Game (GBA Only)
0%
Bollie Prindel Lego Star Wars: The Force Awakens
0%
C'ai Threnalli Lego Star Wars: The Force Awakens (DLC)
0%
Caluan Ematt Lego Star Wars: The Force Awakens
0%
Chief Petty Officer Unamo Lego Star Wars: The Force Awakens
0%
Clone (Episode III, Pilot) Lego Star Wars: The Video Game
0%
Clone Shadow Trooper Lego Star Wars III: The Clone Wars
0%
CO-34 Lego Star Wars: The Force Awakens (DLC)
0%
Colonel Datoo Lego Star Wars: The Force Awakens (DLC)
0%
Commando Droid Lego Star Wars III: The Clone Wars
0%
Constable Zuvio Lego Star Wars: The Force Awakens
0%
Cratinus Lego Star Wars: The Force Awakens
0%
Crokind Shand Lego Star Wars: The Force Awakens
0%
Croll Jenkins Lego Star Wars: The Force Awakens
0%
Crusher Roodown Lego Star Wars: The Force Awakens
0%
Darth Vader (Battle Damaged) Lego Star Wars III: The Clone Wars
0%
Dasha Promenti Lego Star Wars: The Force Awakens
0%
Davan Marak Lego Star Wars: The Force Awakens
0%
EGL-21 "Amps" Lego Star Wars: The Force Awakens
0%
First Order Fleet Engineer Lego Star Wars: The Force Awakens
0%
First Order Snowtrooper Officer Lego Star Wars: The Force Awakens
0%
First Order Stormtrooper (Aerobics) Lego Star Wars: The Force Awakens
0%
First Order Stormtrooper Combat Engineer Lego Star Wars: The Force Awakens
0%
First Order Stormtrooper (Heavy) Lego Star Wars: The Force Awakens
0%
First Order Stormtrooper (Hot Tub) Lego Star Wars: The Force Awakens
0%
First Order Stormtrooper Sergeant Lego Star Wars: The Force Awakens
0%
First Order Stormtrooper (Specialist) Lego Star Wars: The Force Awakens
0%
First Order Tie Pilot (Special Forces) Lego Star Wars: The Force Awakens
0%
GA-97 Lego Star Wars: The Force Awakens
0%
Gaff Kaylek Lego Star Wars: The Force Awakens
0%
General Hux (Aerobics) Lego Star Wars: The Force Awakens
0%
GNK-143 Lego Star Wars: The Force Awakens
0%
Goss Toowers Lego Star Wars: The Force Awakens
0%
Graballa the Hutt Lego Star Wars: The Force Awakens (DLC)
0%
Gray Squadron Pilot Lego Star Wars: The Force Awakens
0%
Grummgar Lego Star Wars: The Force Awakens
0%
GTAW-74 "Geetaw" Lego Star Wars: The Force Awakens
0%
Guvian Gunner Lego Star Wars: The Force Awakens
0%
Guvian Security Soldier Lego Star Wars: The Force Awakens
0%
Ilco Munica Lego Star Wars: The Force Awakens
0%
Jashco Phurus Lego Star Wars: The Force Awakens (DLC)
0%
Kanjiklub Gang Member Lego Star Wars: The Force Awakens
0%
Kanjiklub Sniper Lego Star Wars: The Force Awakens
0%
Kinn Zih Lego Star Wars: The Force Awakens
0%
Kintan Strider Lego Star Wars: The Force Awakens
0%
Lieutenant Bastian Lego Star Wars: The Force Awakens
0%
Lieutenant Mitaka Lego Star Wars: The Force Awakens
0%
Lieutenant Rodinon Lego Star Wars: The Force Awakens (DLC)
0%
Lieutenant Wright Lego Star Wars: The Force Awakens (DLC)
0%
M9-G8 Lego Star Wars: The Force Awakens
0%
Mace Windu (Episode III outfit) Lego Star Wars: The Video Game
0%
Major Brance Lego Star Wars: The Force Awakens
0%
Major Kalonia Lego Star Wars: The Force Awakens
0%
Mantellian Savrip Lego Star Wars: The Force Awakens
0%
ME-8D9 Lego Star Wars: The Force Awakens (DLC)
0%
Mi´no teest Lego Star Wars: The Force Awakens
0%
Molator Lego Star Wars: The Force Awakens
0%
Monnok Lego Star Wars: The Force Awakens
0%
Monn Tattch Lego Star Wars: The Force Awakens
0%
MSE-E Lego Star Wars: The Force Awakens
0%
Naka Lit Lego Star Wars: The Force Awakens (DLC)
0%
Nien Numb (Classic) Lego Star Wars: The Force Awakens
0%
Obi-Wan Kenobi (Classic) Lego Star Wars III: The Clone Wars
0%
Obi-Wan Kenobi (Geonosian Arena) Lego Star Wars III: The Clone Wars
0%
Ohn Gos Lego Star Wars: The Force Awakens (DLC)
0%
O-MR1 Lego Star Wars: The Force Awakens
0%
Ophi Egra Lego Star Wars: The Force Awakens
0%
Oskus Stooratt Lego Star Wars: The Force Awakens
0%
Ottegan Acolyte Lego Star Wars: The Force Awakens
0%
Ottegan Warrior Lego Star Wars: The Force Awakens
0%
Ozeer Tenzer Lego Star Wars: The Force Awakens
0%
Padmé Amidala (Battle Outfit) Lego Star Wars: The Video Game
0%
Padmé Amidala (Tatooine Disguise) Lego Star Wars: The Video Game
0%
Pamich Nerro Goode Lego Star Wars: The Force Awakens
0%
Petty Officer Thanisson Lego Star Wars: The Force Awakens
0%
Poe Dameron (D´Qar) Lego Star Wars: The Force Awakens
0%
Poe Dameron (Flight Suit) Lego Star Wars: The Force Awakens
0%
Poe Dameron (Jakku) Lego Star Wars: The Force Awakens (DLC)
0%
Prashee Lego Star Wars: The Force Awakens
0%
Praster Barrun Lego Star Wars: The Force Awakens
0%
Praster Ommeln Lego Star Wars: The Force Awakens
0%
Princess Leia (Ewok Village) Lego Star Wars: The Force Awakens
0%
Princess Leia (Jabba's Palace) Lego Star Wars: The Force Awakens (DLC)
0%
Pru Sweevant Lego Star Wars: The Force Awakens
0%
PZ-4CO Lego Star Wars: The Force Awakens
0%
PZ-99 Lego Star Wars: The Force Awakens (DLC)
0%
Quinar Lego Star Wars: The Force Awakens
0%
R3-A2 Lego Star Wars: The Force Awakens
0%
R3-Z3 Lego Star Wars: The Force Awakens (DLC)
0%
R5-J2 Lego Star Wars: The Force Awakens
0%
Raam Lego Star Wars: The Force Awakens (DLC)
0%
Razoo Qin-Fee Lego Star Wars: The Force Awakens
0%
Rebel Commando Lego Star Wars: The Force Awakens
0%
Rebel Fleet Soldier Lego Star Wars: The Force Awakens
0%
Rebel Trooper (Hoth) Lego Star Wars II: The Original Trilogy
0%
Rosser Weno Lego Star Wars: The Force Awakens (DLC)
0%
Sache Skareeet Lego Star Wars: The Force Awakens
0%
Salacious Crumb Lego Star Wars II: The Original Trilogy (NDS Only)
0%
Sarco Plank Lego Star Wars: The Force Awakens
0%
SN-1F4 Lego Star Wars: The Force Awakens
0%
Strono Tuggs Lego Star Wars: The Force Awakens (DLC)
0%
Strus Clan Leader Lego Star Wars: The Force Awakens (DLC)
0%
Strus Clan Raider Lego Star Wars: The Force Awakens (DLC)
0%
Sudswater Dilifay Glon Lego Star Wars: The Force Awakens
0%
Tasu Leech Lego Star Wars: The Force Awakens
0%
Taybin Ralorsa Lego Star Wars: The Force Awakens
0%
Technician Mandetat Lego Star Wars: The Force Awakens
0%
Tie Interceptor Pilot Lego Star Wars: The Force Awakens
0%
Trentus Savay Lego Star Wars: The Force Awakens
0%
Trinto Duaba Lego Star Wars: The Force Awakens
0%
Ubert "Sticks" Quaril Lego Star Wars: The Force Awakens
0%
Varond Jelik Lego Star Wars: The Force Awakens
0%
Volzang Li-Thrull Lego Star Wars: The Force Awakens
0%
W1-LE Lego Star Wars: The Force Awakens (DLC)
0%
Wi´ba Tuyll Lego Star Wars: The Force Awakens
0%
No matching quizzes found
Score Distribution
Percent of People with Each Score
Percentile by Number Answered
Your Score History
You have not taken this quiz